| 000 | 00362nam a2200145Ia 4500 | ||
|---|---|---|---|
| 008 | 150201s2008 xx 000 0 und d | ||
| 082 |
_a610.7368 _bG08S |
||
| 100 | _aSREEVANI , R. | ||
| 245 | 2 | _aA GUIDE TO MENTAL HEALTH & PSYCHIATRIC NIRSING | |
| 250 | _a2ND | ||
| 260 |
_bJAYPEE _aDELHI _c2008 |
||
| 300 | _a268 | ||
| 650 | _aPSYCHIATRY | ||
| 942 |
_2ddc _cBK _0154 |
||
| 999 |
_c1953 _d1953 |
||